000 01023nmm a2200289 a 4500
001 ocm000984850
003 TR-IsHL
005 20201028153835.0
008 150709s2014 tu tur
007 cr cn
020 _a9786053311416
035 _a984850
_b(N$T)
050 0 4 _aHD8039.M615
_bY47 2014
090 0 4 _aHD8039.M615
_bY47 2014
245 1 0 _aYeraltında kırkbeş sene: bir maden işçisinin anıları 1886-1931
_h[electronic resource] /
_c[derleyen]: Ahmet Naim ; hazırlayan: Sina Çıladır
260 _aİstanbul :
_bEvrensel Basım Yayın,
_c2014
300 _a121 p.
650 4 _aEkonomi ve Finans
650 4 _aEconomics and Finance
650 0 _aYemelek, Ethem
_xAnılar
650 0 _aMaden işçileri, Türk
_x Anılar
650 0 _aMine workers, Turkish
_x Memories
650 7 _aBUSINESS & ECONOMICS / Labor
_2bisacsh
700 1 _aNaim, Ahmet
700 1 _aÇıladır, Sina
856 4 0 _uhttp://search.ebscohost.com/login.aspx?direct=true&scope=site&db=e011xww&AN=984850
999 _c12261
_d12261